LEADER 02001nam 2200589 a 450 001 9910451627303321 005 20200520144314.0 010 $a1-61300-151-7 035 $a(CKB)2550000000100200 035 $a(OCoLC)797823265 035 $a(CaPaEBR)ebrary10558826 035 $a(SSID)ssj0000654929 035 $a(PQKBManifestationID)12254038 035 $a(PQKBTitleCode)TC0000654929 035 $a(PQKBWorkID)10673730 035 $a(PQKB)10912187 035 $a(MiAaPQ)EBC3116776 035 $a(Au-PeEL)EBL3116776 035 $a(CaPaEBR)ebr10558826 035 $a(OCoLC)922966842 035 $a(EXLCZ)992550000000100200 100 $a20090625d2009 uy 0 101 0 $aeng 135 $aurcn||||||||| 181 $ctxt 182 $cc 183 $acr 200 00$aClimate change and water$b[electronic resource] $einternational perspectives on mitigation and adaptation /$f[edited by Joel Smith, Carol Howe] 210 $aDenver, Colo. $cAmerican Water Works Association$dc2009 215 $a1 online resource (296 p.) 300 $aBibliographic Level Mode of Issuance: Monograph 311 $a1-58321-730-4 320 $aIncludes bibliographical references. 606 $aWater-supply$xEnvironmental aspects 606 $aWater resources development$xEnvironmental aspects 606 $aWater utilities$xManagement 606 $aClimatic changes$xGovernment policy$xInternational cooperation 608 $aElectronic books. 615 0$aWater-supply$xEnvironmental aspects. 615 0$aWater resources development$xEnvironmental aspects. 615 0$aWater utilities$xManagement. 615 0$aClimatic changes$xGovernment policy$xInternational cooperation. 676 $a363.6/1 701 $aSmith$b Joel B$0308785 701 $aHowe$b Carol$0970232 801 0$bMiAaPQ 801 1$bMiAaPQ 801 2$bMiAaPQ 906 $aBOOK 912 $a9910451627303321 996 $aClimate change and water$92205264 997 $aUNINA LEADER 01564nas 2200493-a 450 001 996217496003316 005 20231021213021.0 011 $a1930-4498 035 $a(DE-599)ZDB2246429-3 035 $a(OCoLC)48551653 035 $a(CKB)960238476080 035 $a(CONSER)--2006213838 035 $a(EXLCZ)99960238476080 100 $a20011207b19782017 --- a 101 0 $aeng 135 $aur||||||||||| 181 $ctxt$2rdacontent 182 $cc$2rdamedia 183 $acr$2rdacarrier 200 00$aBoston College environmental affairs law review 210 $a[Newton Centre, Mass.] $c[Environmental Affairs] 215 $a1 online resource (38 volumes) 300 $aRefereed/Peer-reviewed 311 $a0190-7034 531 $aBOSTON COLL ENVIRON AFF LAW REV 531 $aENVIRONMENTAL AFFAIRS SEE 606 $aEnvironmental law$zUnited States$vPeriodicals 606 $aEnvironmental policy$zUnited States$vPeriodicals 606 $aEnvironmental law$2fast$3(OCoLC)fst00913122 606 $aEnvironmental policy$2fast$3(OCoLC)fst00913250 607 $aUnited States$2fast 608 $aLaw reviews.$2fast 608 $aPeriodicals.$2fast 608 $aLaw reviews.$2lcgft 615 0$aEnvironmental law 615 0$aEnvironmental policy 615 7$aEnvironmental law. 615 7$aEnvironmental policy. 676 $a344.73 712 02$aBoston College.$bLaw School. 906 $aJOURNAL 912 $a996217496003316 996 $aBoston College environmental affairs law review$92177484 997 $aUNISA